00341nam a2200133Ia 4500008004100000041000800041082001600049100001700065245004400082250000700126260003000133300003200163365001200195240624s9999 xx 000 0 und d aeng a658.562 DAV aDAVIS JOHN W aPROGRESSIVE KAIZEN THE KEY TO GAINING A a11 c2011aNew YorkbCRC Press axxxi, : 187 : p. : cm. ; 25 cBPSb27